Crow call / (Record no. 4492)

MARC details
000 -LEADER
fixed length control field 01225cam a22003738a 4500
001 - CONTROL NUMBER
control field 4492
003 - CONTROL NUMBER IDENTIFIER
control field FISKH
005 - DATE AND TIME OF LATEST TRANSACTION
control field 20260324160014.0
008 - FIXED-LENGTH DATA ELEMENTS--GENERAL INFORMATION
fixed length control field 080812s2009 nyu c 000 1 eng
010 ## - LIBRARY OF CONGRESS CONTROL NUMBER
LC control number 2008030158
020 ## - INTERNATIONAL STANDARD BOOK NUMBER
International Standard Book Number 9780545030359
020 ## - INTERNATIONAL STANDARD BOOK NUMBER
International Standard Book Number 0545030358
020 ## - INTERNATIONAL STANDARD BOOK NUMBER
International Standard Book Number 9780545286749
040 ## - CATALOGING SOURCE
Original cataloging agency DLC
Transcribing agency DLC
Modifying agency DLC
Language of cataloging eng
050 ## - LIBRARY OF CONGRESS CALL NUMBER
Classification number PZ7.L9673
082 ## - DEWEY DECIMAL CLASSIFICATION NUMBER
Classification number 813.6
100 1# - MAIN ENTRY--PERSONAL NAME
Personal name Lowry, Lois.
245 10 - TITLE STATEMENT
Title Crow call /
Statement of responsibility, etc. Lois Lowry ; illustrations by Bagram Ibatoulline.
250 ## - EDITION STATEMENT
Edition statement First Scholastic paperback printing, October 2010
260 ## - PUBLICATION, DISTRIBUTION, ETC.
Place of publication, distribution, etc. New York :
Name of publisher, distributor, etc. Scholastic,
Date of publication, distribution, etc. 2009.
300 ## - PHYSICAL DESCRIPTION
Extent 30 unnumbered pages :
Other physical details color illustrations ;
Dimensions 23 cm
505 ## - FORMATTED CONTENTS NOTE
Formatted contents note R<br/>
520 ## - SUMMARY, ETC.
Summary, etc. Nine-year-old Liz accompanies the stranger who is her father, just returned from the war, when he goes hunting for crows in Pennsylvania farmland.
521 8# - TARGET AUDIENCE NOTE
Target audience note 750<br/>
Source Lexile AD <br/>
521 8# - TARGET AUDIENCE NOTE
Target audience note R<br/>
Source Raz-Plus <br/>
650 #1 - SUBJECT ADDED ENTRY--TOPICAL TERM
Topical term or geographic name entry element Fathers and daughters
Form subdivision Fiction.
650 #1 - SUBJECT ADDED ENTRY--TOPICAL TERM
Topical term or geographic name entry element Hunting
Form subdivision Fiction.
650 #1 - SUBJECT ADDED ENTRY--TOPICAL TERM
Topical term or geographic name entry element Crows
Form subdivision Fiction.
651 #1 - SUBJECT ADDED ENTRY--GEOGRAPHIC NAME
Geographic name Pennsylvania
Form subdivision Fiction.
700 1# - ADDED ENTRY--PERSONAL NAME
Personal name Ibatoulline, Bagram,
Relator term illustrator
906 ## - LOCAL DATA ELEMENT F, LDF (RLIN)
a 7
b rix
c orignew
d 1
e ecip
f 20
g y-gencatlg
942 ## - ADDED ENTRY ELEMENTS (KOHA)
Source of classification or shelving scheme Dewey Decimal Classification
Koha item type Books
Suppress in OPAC No
Holdings
Withdrawn status Lost status Source of classification or shelving scheme Damaged status Not for loan Collection Home library Current library Shelving location Date acquired Total Checkouts Full call number Barcode Date last seen Copy number Price effective from Koha item type
    Dewey Decimal Classification     Juvenile Fiction Footprints International School Library Network Toul Kork Campus Footprints International School Library Network Toul Kork Campus TK Primary Library Room(4th Floor), Bookcase 5&6, Shelves 33-56, Orange Books 09/12/2024   LOW 813.6 PZ7.L9673 FISTK02594 09/12/2024 1 09/12/2024 Books
    Dewey Decimal Classification     Juvenile Fiction Footprints International School Library Network Toul Tom Poung Campus Footprints International School Library Network Toul Tom Poung Campus TTP Primary Orange Bookshelves 08/27/2025   LOW 813.6 PZ7.L9673 FIS02205 08/27/2025 2 08/27/2025 Books
    Dewey Decimal Classification     Juvenile Fiction Footprints International School Library Network Toul Tom Poung Campus Footprints International School Library Network Toul Tom Poung Campus TTP Primary Orange Bookshelves 03/24/2026   LOW 813.6 PZ7.L9673 FISBK05396 03/24/2026 3 03/24/2026 Books